Factors influencing women entrepreneurship in Bihar (Record no. 525473)

000 -LEADER
fixed length control field 01751nam a22001577a 4500
008 - FIXED-LENGTH DATA ELEMENTS--GENERAL INFORMATION
fixed length control field 240306b ||||| |||| 00| 0 eng d
100 ## - MAIN ENTRY--PERSONAL NAME
Personal name Vishwakarma, Rachana
245 ## - TITLE STATEMENT
Title Factors influencing women entrepreneurship in Bihar
260 ## - PUBLICATION, DISTRIBUTION, ETC. (IMPRINT)
Place of publication, distribution, etc Bihar Journal of Public Administration
300 ## - PHYSICAL DESCRIPTION
Extent 20(2 S), Jul-Dec, 2023: p.649-662
520 ## - SUMMARY, ETC.
Summary, etc Promoting women entrepreneurship might prove as an effective tool to empower women in the country. For this, the government has launched several schemes to encourage entrepreneurial activities among women, especially in a region with low socio-economic condition such as Bihar. But, in spite of such steps, the footprint of women in the area of entrepreneurship is very limited in this 21st Century society. Hence, there is need to understand various aspects related to growth of women entrepreneurship in India, especially with a regional approach of study. Therefore, this research paper is an attempt to study various factors that play leading role in promoting or hindering women participation in entrepreneurial activities in Bihar which is based on primary data collected through survey. This study concludes that women entrepreneurship are mainly affected by five critical factors i.e., personality traits, social prejudice and prestige, financial autonomy, job discontentment, and external support and assistance. In addition to this, financial issues along with lack of education and experiences are the perceived major challenges being faced by women in Bihar during their entrepreneurial journey. Reproduced

http://www.iipabiharbranch.org/
650 ## - SUBJECT ADDED ENTRY--TOPICAL TERM
Topical term or geographic name as entry element Women entrepreneurship , Bihar
9 (RLIN) 50245
773 ## - HOST ITEM ENTRY
Main entry heading Bihar Journal of Public Administration
906 ## - LOCAL DATA ELEMENT F, LDF (RLIN)
Subject DIP WOMEN
942 ## - ADDED ENTRY ELEMENTS (KOHA)
Item type Articles
Holdings
Withdrawn status Lost status Source of classification or shelving scheme Damaged status Not for loan Permanent location Current location Date acquired Serial Enumeration / chronology Barcode Date last seen Koha item type
          Indian Institute of Public Administration Indian Institute of Public Administration 2024-03-06 20(2 S), Jul-Dec, 2023: p.649-662 AR131270 2024-03-06 Articles

Powered by Koha